List all the Celtic Languages - Statistics

General Stats
  • This quiz has been taken 593 times
  • The average score is 5 of 6
Answer Stats
Native Speakers Languages % Correct
1,887,437 Irish
99%
88,331 Scottish Gaelic
99%
947,700 Welsh
96%
356,000 Breton
81%
2,000 Cornish
81%
1,823 Manx
77%
No matching quizzes found
Score Distribution
Percent of People with Each Score
Percentile by Number Answered
Your Score History
You have not taken this quiz